| 000 | 01289cam a22003134a 4500 | ||
|---|---|---|---|
| 001 | 12643301 | ||
| 003 | OSt | ||
| 005 | 20150408113721.0 | ||
| 008 | 020114s2002 flua b 001 0 eng | ||
| 010 | _a 2002017479 | ||
| 020 | _a1584882638 (alk. paper) | ||
| 040 |
_aDLC _cDLC _dDLC |
||
| 042 | _apcc | ||
| 050 | 0 | 0 |
_aR853.C55 _b.F355 2002 |
| 082 | 0 | 0 |
_a615.50724 _221 |
| 100 | 1 |
_aFairclough, Diane Lynn. _95699 |
|
| 245 | 1 | 0 |
_aDesign and analysis of quality of life studies in clinical trials : _binterdisciplinary statistics / _cDiane L. Fairclough. |
| 260 |
_aBoca Raton : _bChapman & Hall/CRC, _cc2002. |
||
| 300 |
_axvii, 307 p. : _bill. ; _c25 cm. |
||
| 490 | 1 | _aInterdisciplinary statistics series | |
| 504 | _aIncludes bibliographical references (p. [287]-294) and index. | ||
| 650 | 0 |
_aClinical trials _xLongitudinal studies. _95700 |
|
| 650 | 0 |
_aClinical trials _xStatistical methods. _94599 |
|
| 650 | 0 |
_aQuality of life _xResearch _xMethodology. _95701 |
|
| 830 | 0 |
_aInterdisciplinary statistics. _95702 |
|
| 856 | 4 | 2 |
_3Publisher description _uhttp://www.loc.gov/catdir/enhancements/fy0646/2002017479-d.html |
| 942 |
_2ddc _cBOOK |
||
| 999 |
_c589 _d235089 |
||